| 000 | 00353cam a2200145ua 4500 | ||
|---|---|---|---|
| 041 |
_aeng _h |
||
| 082 |
_a823.308 _bSHC/GO |
||
| 100 | _aShedrin, . | ||
| 245 |
_aGolovilyor familly / _cShehedrin. _hTextual Documents |
||
| 260 |
_aLondon : _bJ M Dent and Sons Ltd , _c1955. |
||
| 300 | _a340 ; . | ||
| 504 | _a | ||
| 942 | _cBK | ||
| 999 |
_c12424 _d12424 |
||